UBT Library

Experiments in optical illusion (Record no. 40535)

000 -LEADER
fixed length control field 00539cam a22001931 4500
001 - CONTROL NUMBER
control field 4528549
005 - DATE AND TIME OF LATEST TRANSACTION
control field 20180119041325.0
008 - FIXED-LENGTH DATA ELEMENTS--GENERAL INFORMATION
fixed length control field 751006s1951 nyua 001 0 eng
010 ## - LIBRARY OF CONGRESS CONTROL NUMBER
LC control number 51005642
040 ## - CATALOGING SOURCE
Original cataloging agency DLC
Transcribing agency Wa
Modifying agency DLC
041 ## - LANGUAGE CODE
Language code of text/sound track or separate title eng
080 ## - UNIVERSAL DECIMAL CLASSIFICATION NUMBER
Universal Decimal Classification number 612.84374 BEE
082 00 - DEWEY DECIMAL CLASSIFICATION NUMBER
Classification number 612.84374 BEE
100 1# - Rafti
Rafti 8
101 ## - Shkurtesa
Shkurtesa OFT
245 10 - TITLE STATEMENT
Title Experiments in optical illusion
Statement of responsibility, etc [by] Nelson F. Beeler and Franklyn M. Branley; illustrated by Fred H. Lyon.
906 ## - LOCAL DATA ELEMENT F, LDF (RLIN)
a 7
b cbc
c orignew
d u
e ocip
f 19
g y-gencatlg
942 ## - ADDED ENTRY ELEMENTS (KOHA)
Source of classification or shelving scheme
Item type Books
Holdings
Withdrawn status Lost status Source of classification or shelving scheme Damaged status Not for loan Collection code Permanent location Current location Shelving location Date acquired Total Checkouts Full call number Barcode Date last seen Price effective from Koha item type
          Koleksioni i përgjithshem UBT - Lipjan UBT - Lipjan Koleksioni i përgjithshem 01/19/2018   612.84374 BEE 002-2995735 01/19/2018 01/19/2018 Books
UBT Library © 2015-2024. All rights reserved University Education for Business and Technology